Self-organising neural networks : independent component analysis and blind source separation

Αποθηκεύτηκε σε:
Λεπτομέρειες βιβλιογραφικής εγγραφής
Κύριος συγγραφέας: Girolami, Mark, 1963-
Μορφή: Βιβλίο
Γλώσσα:English
Δημοσίευση: London : Springer, c1999.
Σειρά:Perspectives in neural computing
Θέματα:
Ετικέτες: Προσθήκη ετικέτας
Δεν υπάρχουν, Καταχωρήστε ετικέτα πρώτοι!

MARC

LEADER 00000cam a2200000 i 4500
001 1/12978
008 001106s1999 gr | ||| |||| ||eng||
020 |a 185233066X 
035 |l 10064435 
040 |a GR-MyUA  |b gre  |e AACR2 
041 0 |a eng 
082 0 |a 006.32  |2 (21) 
100 1 |a Girolami, Mark,   |d 1963- 
245 1 0 |a Self-organising neural networks :   |b independent component analysis and blind source separation /   |c Mark Girolami.  
260 |a London :   |b Springer,   |c c1999.  
300 |a vii, 271 σ. :   |b εικ. ;   |c 24 εκ. 
490 1 |a (Perspectives in neural computing)  
504 |a Βιβλιογραφία: σ. [255]-268. Ευρετήριο.  
650 0 0 |a Neural networks (Computer science) 
830 0 |a Perspectives in neural computing 
852 |a INST  |b SAMOS  |e 20001106  |h 006.32 GIR  |p 005300018653  |q 005300018653  |t BK  |y 0 
852 |a INST  |b SAMOS  |e 20001106  |h 006.32 GIR  |p 005300018654  |q 005300018654  |t BK  |y 0 
852 |a INST  |b SYROS  |e 20001106  |h 006.32 GIR  |p 005500000452  |q 005500000452  |t BK  |y 0 
901 |a BIBL3-2000-3 
909 |a Σ  |b 079842 
909 |a Σ  |b 079843 
909 |a Ε  |b 079844 
922 |a 3ΕΛΗ  |b 200002  |c ΤΠΕΣ/ΠΟΛ  |d LEADER 
922 |a 5ΕΛΗ  |b 200002  |c ΤΠΕΣ/ΠΟΛ  |d LEADER 
970 |a ΜΑΛΑΓΑΡΗ  |b ΦΩΤΕΙΝΗ  |z 2000/11/6